000 00250nam a2200109Ia 4500
999 _c9365
_d9365
020 _a978-1571691606
100 _aRobert Lafore
245 0 _aObject Oriented Programming in C + +
260 _aIndia
_bMcGraw Hill
_c1980
300 _a239
942 _cBK